000 00173nam a22000977a 4500
041 _aeng
080 _a80
100 _aDoyle, Robert
245 _aErdenergien
999 _c282200
_d282200
942 _cBK